000
00227nam a2200097Ia 4500
008
190216s9999||||xx |||||||||||||| ||und||
100
_a
Sudakaran
245
0
_a
Work Shop Parisheelanam
260
_b
Kerala Basha Inst
942
_c
BK
999
_c
37766
_d
37766